[Event "GER-ch E220 corr"]
[Site "GER corr"]
[Date "1993.??.??"]
[Round "?"]
[White "Weissferdt, Frank"]
[Black "Bellmann, Herbert"]
[Result "0-1"]
[WhiteElo "1730"]
[BlackElo "1745"]
[PlyCount "106"]
[EventDate "1993.??.??"]
[EventType "tourn (corr)"]
[EventRounds "9"]
[EventCountry "GER"]
[SourceTitle "Corr 2002"]
[Source "ChessBase"]
[SourceDate "2002.05.23"]
[SourceVersion "1"]
[SourceVersionDate "2002.05.23"]
[SourceQuality "1"]

1. e4 c5 2. Nf3 d6 3. d4 cxd4 4. Nxd4 Nf6 5. Nc3 g6 6. Be3 Bg7 7. f3 0-0 8. Qd2 Nc6 9. g4 Nxd4 10. Bxd4 Be6 11. Nd5 Bxd5 12. exd5 e6 13. dxe6 fxe6 14. 0-0-0 Rc8 15. h4 Qc7 16. c4 Qc6 17. Rh3 b5 18. h5 bxc4 19. hxg6 hxg6 20. Qc2 e5 21. Bc3 Nd5 22. Qxg6 Rf6 23. Qh7+ Kf8 24. g5 Rf4 25. Qg6 Qc5 26. Kb1 Nxc3+ 27. bxc3 Rb8+ 28. Kc2 Qf2+ 29. Rd2 Qxf1 30. Qxd6+ Kg8 31. Qxb8+ Rf8 32. Qxa7 Qxh3 33. Qc7 Rf4 34. Kb2 Qg3 35. Qe7 Rxf3 36. Qe6+ Kh7 37. Qxc4 Qf4 38. Kb3 Rg3 39. Rh2+ Kg6 40. Qc6+ Kxg5 41. Rg2 Bf6 42. Rxg3+ Qxg3 43. a4 e4 44. a5 e3 45. Qd5+ Qe5 46. Qg2+ Kf5 47. Qh3+ Kg6 48. Qg2+ Kf7 49. Qb7+ Qe7 50. Qxe7+ Bxe7 51. Kc2 Bc5 52. Kd3 Ke6 53. Ke2 Ke5 0-1